00243nam a2200097Ia 4500008004100000100001900041245002700060260003000087300000900117650001900126190216s9999||||xx |||||||||||||| ||und|| aSubrahmanyam.N 0aHistory Of Thamil Nadu bA.V.Chand & Companyc1996 a356p aIndian History